000 00646nam a2200169 4500
008 180104b xxu||||| |||| 00| 0 eng d
020 _a0471844934
082 _21987
_aDC 155.4
_bSt4
100 _925430
_aClarke-Stewart, Alison,author.
245 _aChild development :
_binfancy through adolescence /
_cAlison Clarke-Stewart, Susan Friedman.
260 _aNew York :
_bWiley,
_c©1987.
300 _aviii, 623 pages, [82] pages :
_b illustrations, (some col.ored) ;
_c26 cm.
500 _aIncludes bibliographical references and indexes.
650 0 _925431
_aChild development
700 _925432
_aFriedman, Susan, author.
942 _2ddc
_cDC
999 _c8221
_d8221